[Event "Team XLink Internal Tournament #3"]
[Site "SchemingMind.com"]
[Date "2007.09.09"]
[Round "-"]
[White "Abstract Actuary"]
[Black "Chess_Man01"]
[Result "0-1"]
[WhiteCountry "USA"]
[BlackCountry "GBR"]
[WhiteElo "1787"]
[WhiteRD "81"]
[BlackElo "1999"]
[BlackRD "102"]
[GameID "119947"]

1. e4 c6 2. d4 d5 3. exd5 cxd5 4. c4 Nc6 5. Nc3 dxc4 6. Bxc4 Qxd4 7. Qb3 e6 8. Nf3 Qb6 9. Qxb6 axb6 10. Nb5 Bb4+
11. Bd2 Bxd2+ 12. Nxd2 Ke7 13. O-O Nf6 14. Rfe1 Rd8 15. Nf3 Bd7 16. Rad1 Na5 17. Bf1 Bxb5 18. Bxb5 Rxd1 19. Rxd1 Rc8 20. Nd4 Nc6
21. Nxc6+ bxc6 22. Be2 Nd5 23. a3 Rd8 24. Bf3 e5 25. g3 f5 26. Kf1 e4 27. Be2 h6 28. Ba6 Ne3+ 29. fxe3 Rxd1+
0-1

[Event "Team XLink Internal Tournament #3"]
[Site "SchemingMind.com"]
[Date "2007.09.13"]
[Round "-"]
[White "whitelynx"]
[Black "jtrochez1"]
[Result "1-0"]
[WhiteCountry "BLR"]
[BlackCountry "HON"]
[WhiteElo "1798"]
[WhiteRD "88"]
[BlackElo "1500"]
[BlackRD "47"]
[GameID "120528"]

1. e4 e5 2. Nf3 d6 3. Bc4 Bg4 4. Nc3 Nf6 5. h3 Bh5 6. d3 a6 7. Bg5 Be7 8. O-O O-O 9. Re1 Nbd7 10. Qd2 Bxf3
11. gxf3 Kh8 12. Kh2 Qe8 13. Rg1 Nb6 14. Bb3 c6 15. Rg2 Nh5 16. Rag1 Bxg5 17. Qxg5 f6 18. Qh4 Nd7 19. Ne2 g5 20. Qg4 Nf4
21. Nxf4 exf4 22. h4 Ne5 23. Qh3 g4 24. fxg4 f3 25. Rg3 Qd8 26. d4 Ng6 27. Rxf3 f5 28. exf5 Nxh4 29. Re3 Qg5 30. Rge1 d5
31. Re7 b5 32. c3 Rf6 33. Re8+ Rxe8 34. Rxe8+ Kg7 35. Qg3 Rf7 36. Qe3 Qxe3 37. Rxe3 Kf8 38. Kg3 Nxf5+ 39. gxf5 Rxf5 40. Rf3 Rxf3+
41. Kxf3 Kf7 42. Bc2 h6 43. Kg4 Kg7 44. Bf5 a5 45. Bd7 Kg6 46. Bxc6 b4 47. cxb4 axb4 48. a3 h5+ 49. Kh4
1-0

[Event "Team XLink Internal Tournament #3"]
[Site "SchemingMind.com"]
[Date "2007.09.18"]
[Round "-"]
[White "whitelynx"]
[Black "Lee Shuck"]
[Result "1-0"]
[WhiteCountry "BLR"]
[BlackCountry "ENG"]
[WhiteElo "1811"]
[WhiteRD "86"]
[BlackElo "1477"]
[BlackRD "65"]
[GameID "120529"]

1. e4 e5 2. Bb5 c6 3. Ba4 Nf6 4. Nc3 b5 5. Bb3 b4 6. Nce2 Nxe4 7. d3 Nd6 8. Nf3 Be7 9. Nxe5 O-O 10. O-O Bf6
11. d4 Ba6 12. Re1 Bxe5 13. dxe5 Nf5 14. Ng3 Nxg3 15. hxg3 Re8 16. Qh5 Re7 17. Bg5 Rxe5 18. Qxf7+ Kh8 19. Bxd8
1-0

[Event "Team XLink Internal Tournament #3"]
[Site "SchemingMind.com"]
[Date "2007.09.18"]
[Round "-"]
[White "whitelynx"]
[Black "Wolli"]
[Result "1/2-1/2"]
[WhiteCountry "BLR"]
[BlackCountry "GER"]
[WhiteElo "1811"]
[WhiteRD "86"]
[BlackElo "1831"]
[BlackRD "71"]
[GameID "120530"]

1. d4 d5 2. c4 e6 3. Nc3 Be7 4. Nf3 Nf6 5. e3 O-O 6. Bd3 dxc4 7. Bxc4 c5 8. O-O Nc6 9. dxc5 Bxc5 10. Qe2 e5
11. e4 Bg4 12. h3 Nd4 13. Qd3 Nxf3+ 14. gxf3 Qxd3 15. Bxd3 Bxf3 16. Bg5 h6 17. Bxf6 gxf6 18. Be2 Bxe2 19. Nxe2 Kh7 20. Rac1 Rac8
21. Ng3 Rg8 22. Kg2 b6 23. Kf3 Rcd8=
1/2-1/2

[Event "Team XLink Internal Tournament #3"]
[Site "SchemingMind.com"]
[Date "2007.09.14"]
[Round "-"]
[White "whitelynx"]
[Black "AlanM"]
[Result "1-0"]
[WhiteCountry "BLR"]
[BlackCountry "ENG"]
[WhiteElo "1788"]
[WhiteRD "94"]
[BlackElo "1281"]
[BlackRD "126"]
[GameID "120531"]

1. Nc3 d5 2. g3 e5 3. d3 Qd6 4. Bg2 c6 5. Nf3 Nf6 6. Bg5 Qb4 7. Nxe5 Qxb2 8. Bd2 Qb6 9. O-O Bc5 10. Na4 Bxf2+
11. Rxf2 Qc7 12. d4 h5 13. Bg5 Ng4 14. Rxf7 Nd7 15. Re7+ Kf8 16. Ng6+ Kg8 17. Nxh8 Kxh8 18. Qd3 Qa5 19. Re8+ Nf8 20. Rxf8#
1-0

[Event "Team XLink Internal Tournament #3"]
[Site "SchemingMind.com"]
[Date "2007.09.13"]
[Round "-"]
[White "whitelynx"]
[Black "Abstract Actuary"]
[Result "1-0"]
[WhiteCountry "BLR"]
[BlackCountry "USA"]
[WhiteElo "1798"]
[WhiteRD "88"]
[BlackElo "1799"]
[BlackRD "79"]
[GameID "120532"]

1. d4 Nf6 2. c4 e6 3. Nc3 Bb4 4. Qc2 c5 5. e3 d5 6. a3 cxd4 7. exd4 Ba5 8. Nf3 O-O 9. Bd3 dxc4 10. Bxc4 Nc6
11. Be3 a6 12. O-O b5 13. Bb3 Bb7 14. Ne4 Rc8 15. Nc5 Ba8 16. Qe2 Qb6 17. Nxe6 fxe6 18. Bxe6+ Kh8 19. Bxc8 Rxc8 20. d5 Re8
21. dxc6 Qxc6 22. Qd3 Bc7 23. Rac1 Qb7 24. h3 Re4 25. Bg5 Nh5 26. Qc3 Rc4 27. Qd3 Bb6 28. Rxc4 bxc4 29. Qd6 h6 30. Bxh6 Kh7
31. Ng5+ Kg8 32. Qe6+ Kf8 33. Nh7#
1-0

[Event "Team XLink Internal Tournament #3"]
[Site "SchemingMind.com"]
[Date "2007.09.14"]
[Round "-"]
[White "whitelynx"]
[Black "Chess_Man01"]
[Result "0-1"]
[WhiteCountry "BLR"]
[BlackCountry "GBR"]
[WhiteElo "1796"]
[WhiteRD "88"]
[BlackElo "2210"]
[BlackRD "71"]
[GameID "120533"]

1. d4 Nf6 2. c4 e6 3. Nc3 Bb4 4. a3 Bxc3+ 5. bxc3 c5 6. e3 b6 7. Bd3 Bb7 8. f3 O-O 9. Ne2 Nc6 10. O-O Rc8
11. Bd2 d6 12. e4 Ne8 13. Qe1 Ba6 14. Qg3 Na5 15. Bg5 f6 16. Be3 Bxc4 17. Bxc4 Nxc4 18. Bf2 f5 19. Qh3 Nc7 20. Bh4 Qe8
21. exf5 Rxf5
0-1

[Event "Team XLink Internal Tournament #3"]
[Site "SchemingMind.com"]
[Date "2007.09.14"]
[Round "-"]
[White "jtrochez1"]
[Black "whitelynx"]
[Result "0-1"]
[WhiteCountry "HON"]
[BlackCountry "BLR"]
[WhiteElo "1500"]
[WhiteRD "47"]
[BlackElo "1798"]
[BlackRD "88"]
[GameID "120534"]

1. e4 Nf6 2. d3 e5 3. Bg5 h6 4. Be3 Nc6 5. c3 d6 6. h3 Be6 7. Be2 Be7 8. Nd2 O-O 9. Qc2 d5 10. exd5 Nxd5
11. Ngf3 Nxe3 12. fxe3 Bc5 13. Nxe5 Qh4+ 14. Kd1 Bxe3 15. Nef3 Qf6 16. Ne4 Qg6 17. Nh4 Qh7 18. g4 Bd5 19. Bf3 Kh8 20. Nf5 Ne5
21. Be2 Bxe4 22. dxe4 Rad8+ 23. Ke1 Qg6 24. Nxe3 Qb6 25. Ng2 Rd7 26. Rd1 Rfd8 27. b3 Qc6 28. Rxd7 Rxd7 29. a4 Qc5 30. Rf1 a5
31. Nf4 Qe3 32. c4 Qg3+ 33. Rf2 Qe3 34. Nd5 Qxh3 35. g5 Qh1+ 36. Bf1 Nf3+ 37. Ke2 Nd4+
0-1

[Event "Team XLink Internal Tournament #3"]
[Site "SchemingMind.com"]
[Date "2007.09.18"]
[Round "-"]
[White "Lee Shuck"]
[Black "whitelynx"]
[Result "0-1"]
[WhiteCountry "ENG"]
[BlackCountry "BLR"]
[WhiteElo "1477"]
[WhiteRD "65"]
[BlackElo "1811"]
[BlackRD "86"]
[GameID "120535"]

1. e4 e5 2. Nf3 Nc6 3. Bb5 a6 4. Bxc6 dxc6 5. O-O f6 6. d4 Bg4 7. dxe5 fxe5 8. Qxd8+ Rxd8 9. Nxe5 Be6 10. Bg5 Be7
11. Be3 Bf6 12. f4 Bxe5 13. fxe5 Ne7 14. Nc3 Rf8 15. Rxf8+ Kxf8 16. Rd1 Rxd1+ 17. Nxd1 Bxa2 18. b4 Bb1
0-1

[Event "Team XLink Internal Tournament #3"]
[Site "SchemingMind.com"]
[Date "2007.09.18"]
[Round "-"]
[White "Wolli"]
[Black "whitelynx"]
[Result "1/2-1/2"]
[WhiteCountry "GER"]
[BlackCountry "BLR"]
[WhiteElo "1831"]
[WhiteRD "71"]
[BlackElo "1811"]
[BlackRD "86"]
[GameID "120536"]

1. d4 d5 2. c4 c6 3. Nf3 Nf6 4. Nc3 e6 5. Bg5 h6 6. Bh4 dxc4 7. e4 Be7 8. Bxc4 O-O 9. e5 Nd5 10. Bxe7 Qxe7
11. O-O Nd7 12. Ne4 N7b6 13. Bb3 Qd8 14. Rc1 Ne7 15. Qd3 Nf5 16. Rfd1 Nd5 17. Nc3 b6 18. Nxd5=
1/2-1/2

[Event "Team XLink Internal Tournament #3"]
[Site "SchemingMind.com"]
[Date "2007.09.14"]
[Round "-"]
[White "AlanM"]
[Black "whitelynx"]
[Result "0-1"]
[WhiteCountry "ENG"]
[BlackCountry "BLR"]
[WhiteElo "1369"]
[WhiteRD "102"]
[BlackElo "1801"]
[BlackRD "93"]
[GameID "120537"]

1. e3 d5 2. b3 e5 3. Bb2 Bd6 4. d4 exd4 5. Qxd4 Nf6 6. Nc3 Nc6 7. Qh4 h6 8. Nb5 Be7 9. Qg3 O-O 10. Be2 a6
11. Bf3 axb5 12. a3 Bf5 13. Ne2 Bxc2 14. O-O Bxb3 15. Nc3 Bc4 16. Rfd1 b4 17. a4 bxc3 18. Bxc3 Qc8 19. Bxd5 Bxd5 20. h3 Be6
21. e4 Rd8 22. Re1 Kh7 23. e5 Nd5 24. Bb2 Nb6 25. Qf4 Bg5 26. Qe4+ Kh8 27. f4 Rd2 28. fxg5 Bd5 29. Qf4 Rxg2+ 30. Kf1 Qxh3
31. Qf2 Qh1+ 32. Ke2 Rxf2+ 33. Kxf2 Qg2+ 34. Ke3 Qxb2 35. Rad1 Qc3+
0-1

[Event "Team XLink Internal Tournament #3"]
[Site "SchemingMind.com"]
[Date "2007.09.15"]
[Round "-"]
[White "Abstract Actuary"]
[Black "whitelynx"]
[Result "0-1"]
[WhiteCountry "USA"]
[BlackCountry "BLR"]
[WhiteElo "1786"]
[WhiteRD "82"]
[BlackElo "1811"]
[BlackRD "86"]
[GameID "120538"]

1. e4 e5 2. Nf3 Nc6 3. Bb5 a6 4. Ba4 Nf6 5. O-O b5 6. Bb3 Bb7 7. Re1 h6 8. c3 Be7 9. d4 d6 10. Nbd2 O-O
11. Nf1 Re8 12. Ng3 Qd7 13. h3 Bf8 14. Bc2 exd4 15. cxd4 Nb4 16. Bb1 c5 17. d5 a5 18. a3 Na6 19. Bf4 Nc7 20. Qd2 Kh8
21. Bc2 Ng8= 22. a4 b4 23. Bd3 Ba6 24. b3 Bxd3 25. Qxd3 Nf6 26. Qd2 Na6 27. Nf5 Nxe4 28. Rxe4 Rxe4 29. Nxh6 gxh6 30. Bxh6 Qf5
31. Bxf8 Rxf8 32. Qh6+ Kg8 33. Qxd6 Qg6 34. Qd7 c4 35. bxc4 Rxc4 36. Ne5 Qg7 37. Nxc4 Qxa1+ 38. Kh2 Nc5 39. Qe7 Qd4 40. Ne3 Qf4+
41. Kg1 Ne4 42. Ng4 Rc8 43. g3 Nxg3 44. Nf6+ Kg7 45. Ne8+ Rxe8 46. Qxe8 Ne4 47. f3 Qg3+ 48. Kh1 Nf2#
0-1

[Event "Team XLink Internal Tournament #3"]
[Site "SchemingMind.com"]
[Date "2007.09.14"]
[Round "-"]
[White "Chess_Man01"]
[Black "whitelynx"]
[Result "1-0"]
[WhiteCountry "GBR"]
[BlackCountry "BLR"]
[WhiteElo "2210"]
[WhiteRD "71"]
[BlackElo "1796"]
[BlackRD "88"]
[GameID "120539"]

1. e4 c6 2. d4 d5 3. e5 Bf5 4. Be3 Qb6 5. Qc1 e6 6. Nf3 c5 7. c3 Nc6 8. Nbd2 cxd4 9. Nxd4 Bc5 10. N2b3 Bxd4
11. Bxd4 Qc7 12. Qg5 Bg6 13. Bb5 Ne7 14. Bc5 h6 15. Qf4 O-O 16. Bd6 Qd8 17. O-O a6 18. Bxc6 bxc6 19. Nd4 Rc8 20. b4 Re8
21. Rfd1 Nf5 22. Nxf5 Bxf5= 23. c4
1-0

[Event "Team XLink Internal Tournament #3"]
[Site "SchemingMind.com"]
[Date "2007.09.13"]
[Round "-"]
[White "me123"]
[Black "jtrochez1"]
[Result "0-1"]
[WhiteCountry "SCO"]
[BlackCountry "HON"]
[WhiteElo "1110"]
[WhiteRD "114"]
[BlackElo "1500"]
[BlackRD "47"]
[GameID "120567"]

1. Nc3 g6 2. e4 Bg7 3. h4 c6 4. b4 e5 5. g3 d6 6. Nf3 Bg4 7. Be2 Bxf3 8. Bxf3 Nd7 9. Bg4 Ne7 10. Ba3 b5
0-1

[Event "Team XLink Internal Tournament #3"]
[Site "SchemingMind.com"]
[Date "2007.09.13"]
[Round "-"]
[White "me123"]
[Black "Abstract Actuary"]
[Result "0-1"]
[WhiteCountry "SCO"]
[BlackCountry "USA"]
[WhiteElo "1110"]
[WhiteRD "114"]
[BlackElo "1799"]
[BlackRD "79"]
[GameID "120572"]

1. Nc3 e5 2. e4 Nf6 3. d3 Bb4 4. h4 d5 5. exd5 Nxd5 6. a3 Bxc3+ 7. bxc3 Nxc3 8. Qh5 Qf6 9. d4 exd4 10. a4 O-O
11. Qd5 Re8+
0-1

[Event "Team XLink Internal Tournament #3"]
[Site "SchemingMind.com"]
[Date "2007.09.15"]
[Round "-"]
[White "Abstract Actuary"]
[Black "me123"]
[Result "1-0"]
[WhiteCountry "USA"]
[BlackCountry "SCO"]
[WhiteElo "1799"]
[WhiteRD "79"]
[BlackElo "1110"]
[BlackRD "114"]
[GameID "120579"]

1. e4 Nf6 2. e5 e6 3. exf6 gxf6 4. d4 b5 5. Bxb5 c6 6. Bd3 e5 7. Nf3 c5 8. dxe5 fxe5 9. Nxe5 h5 10. Qf3 Qa5+
11. Bd2 Rg8 12. Bxa5
1-0